00596nam a22001337a 4500040000800000082003600008100003000044245010900074260002600183300002300209942003200232999001700264952018100281 cRUA aA255 ឌុំ 2018​C160 Or.1 aឌុំ ដាវុយ aតើត្រកូលគីម ជាមហាបុរសឬជាមេផ្ដាច់ការ? aPHNOM PENHbRUAc2018 a218p.bill.c22cm. cអភិវឌ្ឍន៍ c25666d25666 0010406A_255_000000000000000_ឌុំ_2018C160_OR_1709106180aLBCbLBCcC160d2026-04-06oA255 ឌុំ 2018​C160 Or.1pB712001r2026-04-06yអភិវឌ្ឍន៍